Paroles Lola - Superbus - Statistiques

Statistiques générales
  • Ce quiz a été pris 431 fois
    427 depuis la dernière actualisation
  • Le résultat moyen est 183 sur 239
Statistiques - réponses
Paroles % Correct
l'
100%
à
99%
c'
99%
C'
99%
Lola
99%
Allo
97%
est
97%
comme
92%
moi
92%
un
92%
garçon
91%
J'
90%
en
89%
ai
88%
le
87%
encore
86%
qui
83%
les
82%
cœur
81%
toi
81%
et
80%
fait
80%
80%
la
80%
cheveux
78%
longs
77%
n'
76%
pas
75%
me
73%
de
72%
pour
72%
que
72%
pensé
70%
boom
68%
Boom
68%
fois
68%
Je
68%
première
67%
tes
67%
ne
65%
Ne
65%
ma
64%
yeux
64%
font
63%
beaucoup
57%
bien
56%
oui
56%
raccroche
56%
jolie
51%
osé
50%
au
49%
reviens
48%
dans
47%
delà
44%
holà
44%
dormi
43%
oh
42%
Oh
42%
mets
34%
sait
34%
lit
20%
Aucun quiz correspondant
Distribution des résultats
% des personnes avec chaque résultat
Percentile par nombre de réponses
Votre historique - résultats
Vous n’avez pas pris ce quiz depuis la dernière actualisation